00571nam a22001697a 450000500170000001000170001702000260003403500170006003700270007708200080010410000250011224501420013726000390027927000500031830000200036850000130038820180416104156.0 aB-690788-789 a9788180423444c400.00 aB-690788-789 bModern Pub. Houseadpl a921 aLotay, Rajinder Kaur aThree great Indian stalwarts : cby Rajinder Kaur LotaybRaja Ram Mohun Roy, Maulana Abdul Kalam Azad and Vinayak Damodar Veer Savarkar / aNew DelhibModern Pub. Housec2016 a9, Gole Market, Daryaganj,bNew Delhie110002 a144p.c23cm(Hb) aBalidani